| 000 | 00876nam0a22003011 4500 | ||
|---|---|---|---|
| 001 | v19\rc\1814149 | ||
| 005 | 20250619131034.0 | ||
| 035 | _a(NLR Aleph) 004913317 | ||
| 090 |
_a5500410 _c5500410 |
||
| 100 | _a20071224d1906 |||y0rusy50 ca | ||
| 101 | 0 | _arus | |
| 102 | _aRU | ||
| 105 | _ay z |||a| | ||
| 200 | 1 |
_aЧто за причина? _eРассказ из соврем. жизни |
|
| 210 |
_aМосква _cН.Т. Волков _d1906 |
||
| 215 |
_a32 с. _d20 |
||
| 300 | _aПеред загл.: С.С. | ||
| 300 | _aКн. была арестована по постановлению суда | ||
| 702 | 0 |
_aС.С. _4220 |
|
| 801 | 0 |
_aRU _bNLR _gpsbo |
|
| 801 | 0 |
_aRU _bRuMoRGB _2psbo |
|
| 801 | 1 |
_aRU _bProSoft-M _2rusmarc |
|
| 852 |
_aNLR _j34.50.6.1351 |
||
| 899 |
_aRuMoRGB _jJ 73/268 |
||
| 899 | _aБАН | ||
| 899 | _aГПИБ | ||
| 942 | _cBOOK | ||
| 980 | _aNB | ||